1M+ cities of the world by letter - Y - Statistics

General Stats
  • This quiz has been taken 843 times
    128 since last reset
  • The average score is 6 of 16
Answer Stats
Country Population City % Correct
Cameroon 3.90 mil Yaoundé
98%
Armenia 1.61 mil Yerevan
96%
Myanmar 4.90 mil Yangon
95%
Russia 1.82 mil Yekaterinburg
79%
Indonesia 1.79 mil Yogyakarta
48%
China 2.37 mil Yangzhou
38%
China 2.62 mil Yantai
28%
China 1.25 mil Yueyang
27%
China 2.75 mil Yiwu
25%
China 2.57 mil Yinchuan
21%
China 1.48 mil Yancheng
15%
China 1.42 mil Yichang
14%
China 1.60 mil Yulin
13%
China 1.33 mil Yibin
11%
China 1.13 mil Yongkang
4%
China 1 mil Yixing
2%
No matching quizzes found
Score Distribution
Percent of People with Each Score
Percentile by Number Answered
Your Score History
You have not taken this quiz since the last reset